The guerillas of Dhaka in 1971 / (Record no. 21314)
[ view plain ]
| 000 -LEADER | |
|---|---|
| fixed length control field | 01142cam a2200337 i 4500 |
| 001 - CONTROL NUMBER | |
| control field | 19271616 |
| 003 - CONTROL NUMBER IDENTIFIER | |
| control field | BDDh-ASL |
| 005 - DATE AND TIME OF LATEST TRANSACTION | |
| control field | 20231015030004.0 |
| 008 - FIXED-LENGTH DATA ELEMENTS--GENERAL INFORMATION | |
| fixed length control field | 160913s2016 bg ab 000 0aeng |
| 010 ## - LIBRARY OF CONGRESS CONTROL NUMBER | |
| LC control number | 2016319001 |
| 020 ## - INTERNATIONAL STANDARD BOOK NUMBER | |
| International Standard Book Number | 9789847020679 |
| 025 ## - OVERSEAS ACQUISITION NUMBER | |
| Overseas acquisition number | B-E-2016319001; 22-91 |
| 037 ## - SOURCE OF ACQUISITION | |
| Source of stock number/acquisition | Library of Congress -- New Delhi Overseas Office |
| 040 ## - CATALOGING SOURCE | |
| Original cataloging agency | DLC |
| Language of cataloging | eng |
| Description conventions | rda |
| Transcribing agency | DLC |
| Modifying agency | DLC |
| -- | BDDh-ASL |
| 042 ## - AUTHENTICATION CODE | |
| Authentication code | lcode |
| -- | pcc |
| 043 ## - GEOGRAPHIC AREA CODE | |
| Geographic area code | a-bg--- |
| 050 00 - LIBRARY OF CONGRESS CALL NUMBER | |
| Classification number | DS395.7.R295 |
| Item number | A3 2016 |
| 082 ## - DEWEY DECIMAL CLASSIFICATION NUMBER | |
| Classification number | 954.9205 |
| Item number | RAG |
| 100 1# - MAIN ENTRY--PERSONAL NAME | |
| Personal name | Rahman, Towficur, |
| Relator term | author. |
| 245 14 - TITLE STATEMENT | |
| Title | The guerillas of Dhaka in 1971 / |
| Statement of responsibility, etc. | Colonel Towficur Rahman (Retd.). |
| 264 #1 - PRODUCTION, PUBLICATION, DISTRIBUTION, MANUFACTURE, AND COPYRIGHT NOTICE | |
| Place of production, publication, distribution, manufacture | Dhaka : |
| Name of producer, publisher, distributor, manufacturer | Howlader Prokashoni, |
| Date of production, publication, distribution, manufacture, or copyright notice | 2016. |
| 300 ## - PHYSICAL DESCRIPTION | |
| Extent | 239 pages : |
| Other physical details | illustrations (black and white and color), 1 map ; |
| Dimensions | 22 cm |
| 336 ## - CONTENT TYPE | |
| Content type term | text |
| Content type code | txt |
| Source | rdacontent |
| 337 ## - MEDIA TYPE | |
| Media type term | unmediated |
| Media type code | n |
| Source | rdamedia |
| 338 ## - CARRIER TYPE | |
| Carrier type term | volume |
| Carrier type code | nc |
| Source | rdacarrier |
| 600 10 - SUBJECT ADDED ENTRY--PERSONAL NAME | |
| Personal name | Rahman, Towficur. |
| 651 #0 - SUBJECT ADDED ENTRY--GEOGRAPHIC NAME | |
| Geographic name | Bangladesh |
| General subdivision | History |
| Chronological subdivision | Revolution, 1971 |
| Form subdivision | Personal narratives. |
| 906 ## - LOCAL DATA ELEMENT F, LDF (RLIN) | |
| a | 7 |
| b | cbc |
| c | origode |
| d | 3 |
| e | ncip |
| f | 20 |
| g | y-gencatlg |
| 942 ## - ADDED ENTRY ELEMENTS (KOHA) | |
| Source of classification or shelving scheme | Dewey Decimal Classification |
| Koha item type | Books |
| Withdrawn status | Lost status | Source of classification or shelving scheme | Damaged status | Not for loan | Collection code | Home library | Current library | Shelving location | Date acquired | Source of acquisition | Total Checkouts | Full call number | Barcode | Date last seen | Copy number | Price effective from | Koha item type |
|---|---|---|---|---|---|---|---|---|---|---|---|---|---|---|---|---|---|
| Dewey Decimal Classification | Non-fiction | Asiatic Society Library | Asiatic Society Library | General Stacks | 01/27/2021 | Complementary | 954.9205 RAG | 105013 | 01/27/2021 | C-1 | 01/27/2021 | Books | |||||
| Dewey Decimal Classification | Non-fiction | Asiatic Society Library | Asiatic Society Library | Liberation War Collection | 11/04/2021 | Complimentary | 954.9205 RAG | 113707 | 11/04/2021 | C-2 | 11/04/2021 | Books | |||||
| Dewey Decimal Classification | Non-fiction | Asiatic Society Library | Asiatic Society Library | Dhaka Collection | 11/04/2021 | Complimentary | 954.9205 RAG | 113709 | 11/04/2021 | C-3 | 11/04/2021 | Books |